000 00626nam a22002057a 4500
999 _c30
_d30
003 AR-CdUCM
008 190220b ||||| |||| 00| 0 spa d
040 _aMUNICIPALIDAD PROVINCIAL DEL CUSCO
_cBIBLIOTECA MUNICIPAL DEL CUSCO
082 _a868.6 /
_bP45
100 _aPérez de Ayala, Ramón
_9157
245 _aLa paz del sendero :
_bel sendero innumerable /
260 _aMadrid :
_c1916.
300 _a214 páginas ;
_c18 cm.
650 _aPoesía Española
_9158
650 _aEspaña Contemporánea
_9159
650 _aSiglo XX
_98
650 _aLetras Españolas
_9160
942 _2ddc
_cLIBROS
945 _araen
_d2019-02-20